El Gronxador / (Record no. 136682)

MARC details
000 -CABECERA
campo de control de longitud fija 01738nam a2200361 i 4500
001 - NÚMERO DE CONTROL
campo de control 991061497392906706
003 - IDENTIFICADOR DEL NÚMERO DE CONTROL
campo de control ES-BaIT
005 - FECHA Y HORA DE LA ÚLTIMA TRANSACCIÓN
campo de control 20251015132055.0
008 - DATOS DE LONGITUD FIJA--INFORMACIÓN GENERAL
campo de control de longitud fija 250919e202509 sp |||| |||| 0|0 d cat|
015 ## - NÚMERO DE BIBLIOGRAFÍA NACIONAL
Número de bibliografía nacional LL2025
Fuente bnc
017 ## - NÚMERO DE COPYRIGHT O DE DEPÓSITO LEGAL
Número de copyright o de depósito legal DL V 2391-2025
Agencia que asigna Oficina DL València
020 ## - NÚMERO INTERNACIONAL ESTÁNDAR DEL LIBRO
Número Internacional Estándar del Libro 9788413588216
040 ## - FUENTE DE LA CATALOGACIÓN
Centro catalogador/agencia de origen ES-BaBC
Lengua de catalogación cat
Normas de descripción rda
Centro/agencia transcriptor ES-BaBC
080 ## - NÚMERO DE LA CLASIFICACIÓN DECIMAL UNIVERSAL
Número de la Clasificación Decimal Universal 821.134.1-2
Subdivisión auxiliar común "20"
Identificador de la edición 2004
080 ## - NÚMERO DE LA CLASIFICACIÓN DECIMAL UNIVERSAL
Número de la Clasificación Decimal Universal 849.9-2"20"
100 1# - ENTRADA PRINCIPAL--NOMBRE DE PERSONA
Nombre de persona Castro Pizarro, Àlex,
Fechas asociadas al nombre 2002-
Término indicativo de función/relación autor
9 (RLIN) 167500
245 13 - MENCIÓN DE TÍTULO
Título El Gronxador /
Mención de responsabilidad, etc. Àlex Castro Pizarro ; introducció Clàudia Serra
250 ## - MENCIÓN DE EDICIÓN
Mención de edición 1a edició
264 #1 - PRODUCCIÓN, PUBLICACIÓN, DISTRIBUCIÓN, FABRICACIÓN Y COPYRIGHT
Producción, publicación, distribución, fabricación y copyright Alzira :
Nombre del de productor, editor, distribuidor, fabricante Bromera,
Fecha de producción, publicación, distribución, fabricación o copyright setembre, 2025
300 ## - DESCRIPCIÓN FÍSICA
Extensión 70 pàgines ;
Dimensiones 21 cm
336 ## - TIPO DE CONTENIDO
Término de tipo de contenido text
Código de tipo de contenido txt
Fuente rdacontent
337 ## - TIPO DE MEDIO
Nombre/término del tipo de medio sense mediació
Código del tipo de medio n
Fuente rdamedia
338 ## - TIPO DE SOPORTE
Nombre/término del tipo de soporte volum
Código del tipo de soporte nc
Fuente rdacarrier
490 1# - MENCIÓN DE SERIE
Mención de serie Teatre Bromera ;
Designación de volumen o secuencia 104
500 ## - NOTA GENERAL
Nota general P2: D1, H1
520 ## - SUMARIO, ETC.
Sumario, etc. "En un jardí oblidat al bell mig d’un barri envellit, la Carme, una dona gran lligada al passat, i en Gerard, un funcionari atrapat per les seves pròpies contradiccions, s’enfronten a un dilema profund: la lluita entre la memòria i el progrés. Quan l’Ajuntament decideix enderrocar la casa de la Carme, aquest petit espai es converteix en un camp de batalla on es qüestionen la justícia, la impotència i el sentit de l'existència. Amb un gronxador com a símbol de pèrdues irreparables i esperança tènue, l’obra explora la fragilitat humana davant les forces implacables de la societat." -- Contracoberta
586 ## - NOTA DE PREMIOS
Nota de premios Premi Ciutat d'Alcoi de Teatre Pep Cortés
700 ## - ENTRADA AGREGADA--NOMBRE PERSONAL
Nombre de persona Serra, Clàudia
Término indicativo de función/relación escriptor d'una introducció
9 (RLIN) 149675
830 #0 - PUNTO DE ACCESO ADICIONAL DE SERIE-TÍTULO UNIFORME
Título uniforme Bromera/teatre
Designación de volumen o secuencia 104
9 (RLIN) 67018
908 ## - COLOCAR PARÁMETRO DE COMANDO (RLIN)
Colocar parámetro de comando BC
-- CDMAE
940 ## - EQUIVALENCIA O REFERENCIA-CRUZADA--TÍTULO UNIFORME [OBSOLETO] [solamente CAN/MARC]
Título uniforme <a href="BC">BC</a>
942 ## - ELEMENTOS DE ENTRADA AGREGADA (KOHA)
Fuente del sistema de clasificación o colocación Clasificación decimal universal
Tipo de ítem Koha Llibre
Holdings
Estado de retiro Estado de pérdida Fuente del sistema de clasificación o colocación Estado dañado No para préstamo Localización permanente Ubicación/localización actual Ubicación en estantería Fecha de adquisición Fuente de adquisición Total de préstamos Signatura topográfica completa Código de barras Fecha visto por última vez Precio válido a partir de Tipo de ítem Koha
    Clasificación decimal universal     Biblioteca Barcelona Biblioteca Barcelona BCN Lliure Accés 15/10/2025 Compra   849 CASP gro 1900089358 08/04/2026 15/10/2025 Llibre
    Clasificación decimal universal     Biblioteca Vic Biblioteca Barcelona OSONA-Vic 15/10/2025 Compra   849 CASP gro 1900089360 15/10/2025 15/10/2025 Llibre
    Clasificación decimal universal     Biblioteca Terrassa Biblioteca Terrassa VALLÈS-J.Oliver 15/10/2025 Compra   849 CASP gro 1900089359 05/02/2026 15/10/2025 Llibre

Powered by Koha